<marc:collection xmlns:xsi="http://www.w3.org/2001/XMLSchema-instance" xmlns:marc="http://www.loc.gov/MARC21/slim" xsi:schemaLocation="http://www.loc.gov/MARC21/slim http://www.loc.gov/standards/marcxml/schema/MARC21slim.xsd">
    <marc:record>
        <marc:leader>     nam a22      c 4500</marc:leader>
        <marc:controlfield tag="001">chlel.23/50007090</marc:controlfield>
        <marc:controlfield tag="003">nljbp</marc:controlfield>
        <marc:controlfield tag="005">250625025326.9</marc:controlfield>
        <marc:controlfield tag="007">cr |||||||||||</marc:controlfield>
        <marc:controlfield tag="008">140917s2008    ne |||||||||||||||||eng|d</marc:controlfield>
        <marc:datafield tag="010" ind1=" " ind2=" ">
            <marc:subfield code="a">  2007038183</marc:subfield>
        </marc:datafield>
        <marc:datafield tag="020" ind1=" " ind2=" ">
            <marc:subfield code="a">9789027291646</marc:subfield>
            <marc:subfield code="q">(e-Book)</marc:subfield>
        </marc:datafield>
        <marc:datafield tag="040" ind1=" " ind2=" ">
            <marc:subfield code="a">nljbp</marc:subfield>
            <marc:subfield code="b">eng</marc:subfield>
            <marc:subfield code="c">nljbp</marc:subfield>
            <marc:subfield code="d">nljbp</marc:subfield>
        </marc:datafield>
        <marc:datafield tag="050" ind1="0" ind2="0">
            <marc:subfield code="a">PN3500</marc:subfield>
        </marc:datafield>
        <marc:datafield tag="082" ind1="0" ind2="0">
            <marc:subfield code="a">809.3/9145</marc:subfield>
            <marc:subfield code="2">22</marc:subfield>
        </marc:datafield>
        <marc:datafield tag="084" ind1=" " ind2=" ">
            <marc:subfield code="a">DSB</marc:subfield>
            <marc:subfield code="q">bicssc</marc:subfield>
        </marc:datafield>
        <marc:datafield tag="084" ind1=" " ind2=" ">
            <marc:subfield code="a">LIT004130</marc:subfield>
            <marc:subfield code="q">bisacsh</marc:subfield>
        </marc:datafield>
        <marc:datafield tag="245" ind1="0" ind2="0">
            <marc:subfield code="a">Romantic Prose Fiction</marc:subfield>
            <marc:subfield code="c">Edited by Gerald Gillespie, Manfred Engel and Bernard Dieterle</marc:subfield>
        </marc:datafield>
        <marc:datafield tag="264" ind1=" " ind2="1">
            <marc:subfield code="a">Amsterdam ;</marc:subfield>
            <marc:subfield code="a">Philadelphia :</marc:subfield>
            <marc:subfield code="b">John Benjamins Publishing Company,</marc:subfield>
            <marc:subfield code="c">2008</marc:subfield>
        </marc:datafield>
        <marc:datafield tag="264" ind1=" " ind2="4">
            <marc:subfield code="c">©2008</marc:subfield>
        </marc:datafield>
        <marc:datafield tag="300" ind1=" " ind2=" ">
            <marc:subfield code="a">1 online resource (xxi, 733 pp.)</marc:subfield>
        </marc:datafield>
        <marc:datafield tag="336" ind1=" " ind2=" ">
            <marc:subfield code="a">text</marc:subfield>
            <marc:subfield code="b">txt</marc:subfield>
            <marc:subfield code="2">rdacontent</marc:subfield>
        </marc:datafield>
        <marc:datafield tag="337" ind1=" " ind2=" ">
            <marc:subfield code="a">computer</marc:subfield>
            <marc:subfield code="b">c</marc:subfield>
            <marc:subfield code="2">rdamedia</marc:subfield>
        </marc:datafield>
        <marc:datafield tag="338" ind1=" " ind2=" ">
            <marc:subfield code="a">online resource</marc:subfield>
            <marc:subfield code="b">cr</marc:subfield>
            <marc:subfield code="2">rdacarrier</marc:subfield>
        </marc:datafield>
        <marc:datafield tag="490" ind1="0" ind2=" ">
            <marc:subfield code="a">Comparative History of Literatures in European Languages</marc:subfield>
            <marc:subfield code="x">0238-0668</marc:subfield>
            <marc:subfield code="v">XXIII</marc:subfield>
        </marc:datafield>
        <marc:datafield tag="504" ind1=" " ind2=" ">
            <marc:subfield code="a">Includes bibliographical references and index.</marc:subfield>
        </marc:datafield>
        <marc:datafield tag="505" ind1="0" ind2=" ">
            <marc:subfield code="a">Preface -- The French Revolution and prose fiction: Allegorization of history and its defeat by Romance / Gerhart Hoffmeister -- Wertherism and the Romantic Weltanschauung / Bernard Dieterle -- Romanticism and the idealisation of the artist / Gregory Maertz -- 'Unheard melodies and unseen pictures': The sister arts in Romantic fiction / Mihály Szegedy-Maszák -- Music and Romantic narration / Claudia Albert -- Nature and landscape between exoticism and national areas of imagination / Wilhelm Graeber -- Mountain landscapes and the aesthetics of the sublime in Romantic narration / Paola Giacomoni -- The 'wanderer' in Romantic prose fiction / André Lorant -- Night-sides of existence: Madness, dream, etc. / Monika Schmitz-Emans -- Doubling, doubles, duplicity, bipolarity / Ernst Grabovszki -- Images of childhood in Romantic children's literature / Bettina Kümmerling-Meibauer -- Artificial life and Romantic brides / Michael Andermatt -- Romantic gender and sexuality / Thomas Klinkert and Weertje Willms -- A. Generic types and representative texts -- The Gothic novel as a Romantic narrative genre / Hendrik van Gorp -- Variants of the Romantic 'Bildungsroman' (with a short note on the 'artist novel') / Manfred Engel -- Historical novel and historical Romance / Markus Bernauer -- The fairy-tale, the fantastic tale / Jörn Steigerwald -- The detective story and novel / Gerald Gillespie -- Récit, story, tale, novella / Santiago Rodriguez Guerrero-Strachan -- The literary idyll in Germany, England, and Scandinavia 1770-1848 / Sven Halse -- B. Modes of discourse and narrative structures -- Address, relation, community: Boundaries and boundarycrossing in Romantic narration / Frederick Garber -- Torn halves: Romantic narrative fiction between homophony and polyphony / Monica Spiridon -- The fragment as structuring force / Remo Ceserani and Paolo Zanotti -- Mirroring, abymization, potentiation (involution) / Sabine Rossbach -- Romantic novel and verse Romance, 1750-1850: Is there a Romance continuum / John Claiborne Isbell -- Myth in Romantic prose fiction / Dorothy Figueira -- From historical narrative to fiction and back: A dialectical game / Virgil Nemoianu -- Romantic prose fiction and the shaping of social discourse in Spanish America / Annette Paatz -- Narrative maneuvres in the 'periphery' the Spanish and Latin American novel during Romanticism / Juri Talvet -- Romantic thought and style in 19th century Realism and Naturalism / Jeanne Smoot -- Romantic legacies in fin-de-siècle and early 20th century fiction / Joel Black -- Framing C.J.L. Almqvist: The narrative frame of Törnrosens bok and Romantic irony / Steven P. Sondrup -- Romanticism, occultism and the fantastic genre in Spain and Latin America / José Ricardo Chaves -- Romantic prose fiction in modern Japan: Finding an expression against the grain / Takayuki Yokota-Murakami -- Ludic prose from Laurence Sterne to Carlos Fuentes / A. Owen Aldridge -- Rewrites and remakes: Screen adaptations of Romantic works / Elaine Martin</marc:subfield>
        </marc:datafield>
        <marc:datafield tag="520" ind1=" " ind2=" ">
            <marc:subfield code="a">In this volume a team of three dozen international experts presents a fresh picture of literary prose fiction in the Romantic age seen from cross-cultural and interdisciplinary perspectives. The work treats the appearance of major themes in characteristically Romantic versions, the power of Romantic discourse to reshape imaginative writing, and a series of crucial reactions to the impact of Romanticism on cultural life down to the present, both in Europe and in the New World. Through its combination of chapters on thematic, generic, and discursive features, Romantic Prose Fiction achieves a unique theoretical stance, by considering the opinions of primary Romantics and their successors not as guiding “truths” by which to define the permanent “meaning” of Romanticism, but as data of cultural history that shed important light on an evolving civilization.


This volume is part of a book set which can be ordered at a special discount:  https://www.benjamins.com/series/chlel/chlel.special_offer.romanticism.pdf
</marc:subfield>
            <marc:subfield code="c">Provided by publisher.</marc:subfield>
        </marc:datafield>
        <marc:datafield tag="650" ind1="0" ind2="4">
            <marc:subfield code="a">Comparative literature &amp; literary studies</marc:subfield>
        </marc:datafield>
        <marc:datafield tag="650" ind1="0" ind2="4">
            <marc:subfield code="a">Theoretical literature &amp; literary studies</marc:subfield>
        </marc:datafield>
        <marc:datafield tag="700" ind1="1" ind2=" ">
            <marc:subfield code="a">Gillespie, Gerald</marc:subfield>
            <marc:subfield code="e">editor</marc:subfield>
        </marc:datafield>
        <marc:datafield tag="700" ind1="1" ind2=" ">
            <marc:subfield code="a">Engel, Manfred</marc:subfield>
            <marc:subfield code="e">editor</marc:subfield>
        </marc:datafield>
        <marc:datafield tag="700" ind1="1" ind2=" ">
            <marc:subfield code="a">Dieterle, Bernard</marc:subfield>
            <marc:subfield code="e">editor</marc:subfield>
        </marc:datafield>
        <marc:datafield tag="776" ind1="1" ind2=" ">
            <marc:subfield code="i">Hardbound version:</marc:subfield>
            <marc:subfield code="d">Amsterdam ; Philadelphia : John Benjamins Publishing Company, 2008</marc:subfield>
            <marc:subfield code="z">9789027234568</marc:subfield>
        </marc:datafield>
        <marc:datafield tag="856" ind1="4" ind2="0">
            <marc:subfield code="z">DOI</marc:subfield>
            <marc:subfield code="u">https://doi.org/10.1075/chlel.xxiii</marc:subfield>
        </marc:datafield>
        <marc:datafield tag="856" ind1="4" ind2="0">
            <marc:subfield code="z">JB e-Platform</marc:subfield>
            <marc:subfield code="u">https://www.jbe-platform.com/content/books/9789027291646</marc:subfield>
        </marc:datafield>
    </marc:record>
</marc:collection>